Wörter im Namen der Länder #5 - Statistiken

Allgemein
  • Dieses Quiz wurde 220 mal gespielt
  • Das Durchschnittsergebnis liegt bei 7 aus 11
Antwortstatistiken
Wort Land % Korrekt
Spa Spanien
97%
Sau Guinea-Bissau / Saudi-Arabien
92%
Oma Oman / Somalia
91%
Mal Guatemala / Malaysia / Malawi ...
85%
Kap Kap Verde
81%
Emir Vereinigte Arabische Emirate
80%
Garn Ungarn
72%
Mars Marshallinseln
56%
Anis Afghanistan / Dominikanische Republik ...
25%
Ami Namibia
20%
Opi Äthiopien
19%
Keine übereinstimmenden Quizze gefunden
Verteilung der Resultate
Anzahl Personen mit jedem Resultat
Perzentil nach korrekt beantworteten Fragen
Ihre Resultats-Entwicklung
Sie haben dieses Quiz noch nicht gespielt